|
|
|
|
| LEADER |
00678nab a2200169 i 4500 |
| 001 |
misc13389 |
| 005 |
20191106141416.0 |
| 008 |
170607s1986 hu o 0|| hun d |
| 022 |
|
|
|a 0025-0260
|
| 040 |
|
|
|a SZTE Miscellanea Repozitórium
|b hun
|
| 041 |
|
|
|a hun
|
| 245 |
0 |
0 |
|a Nagy Sándor - válogatott bibliográfia
|h [elektronikus dokumentum] :
|b (1952-1985)
|
| 260 |
|
|
|c 1986
|
| 300 |
|
|
|a 8-15
|
| 490 |
0 |
|
|a Magyar pedagógia : a Magyar Tudományos Akadémia Pedagógiai Bizottságának folyóirata
|v 86 No. 1
|
| 695 |
|
|
|a Nagy Sándor, Pedagógia magyar bibliográfia 1952-1985, Bibliográfia
|
| 856 |
4 |
0 |
|u http://misc.bibl.u-szeged.hu/13389/1/mp_1986_001_5788_008-015.pdf
|z Dokumentum-elérés
|